Detalles MARC
| 000 -LEADER |
| fixed length control field |
01034cam a2200361 4500 |
| 001 - CONTROL NUMBER |
| control field |
a43097 |
| 003 - CONTROL NUMBER IDENTIFIER |
| control field |
DO-SdBNP |
| 005 - DATE AND TIME OF LATEST TRANSACTION |
| control field |
20180216141524.0 |
| 007 - PHYSICAL DESCRIPTION FIXED FIELD--GENERAL INFORMATION |
| fixed length control field |
a43097 |
| 008 - FIXED-LENGTH DATA ELEMENTS--GENERAL INFORMATION |
| fixed length control field |
080724s1993 sp a |||| 000 1 spa |
| 015 ## - NATIONAL BIBLIOGRAPHY NUMBER |
| National bibliography number |
|
| 017 ## - COPYRIGHT OR LEGAL DEPOSIT NUMBER |
| Copyright or legal deposit number |
|
| Assigning agency |
|
| 020 ## - INTERNATIONAL STANDARD BOOK NUMBER |
| International Standard Book Number |
9788434829673 |
| 035 ## - SYSTEM CONTROL NUMBER |
| System control number |
|
| 040 ## - CATALOGING SOURCE |
| Original cataloging agency |
BPMSU |
| Language of cataloging |
spa |
| Transcribing agency |
BPMSU |
| Description conventions |
|
| 080 ## - UNIVERSAL DECIMAL CLASSIFICATION NUMBER |
| Universal Decimal Classification number |
|
| 082 ## - DEWEY DECIMAL CLASSIFICATION NUMBER |
| Classification number |
863.6 |
| Item number |
V716b1993 |
| 086 ## - GOVERNMENT DOCUMENT CLASSIFICATION NUMBER |
| Classification number |
|
| 100 1# - MAIN ENTRY--PERSONAL NAME |
| Personal name |
Villanes Cairo, Carlos, |
| Dates associated with a name |
1945- |
| 245 14 - TITLE STATEMENT |
| Title |
Las ballenas cautivas / |
| Statement of responsibility, etc. |
Carlos Villanes Cairo ; ilustraciones, Esperanza León. |
| Medium |
|
| 250 ## - EDITION STATEMENT |
| Edition statement |
4ª ed. |
| 260 ## - PUBLICATION, DISTRIBUTION, ETC. (IMPRINT) |
| Place of publication, distribution, etc. |
Madrid : |
| Name of publisher, distributor, etc. |
SM, |
| Date of publication, distribution, etc. |
1993 |
| 300 ## - PHYSICAL DESCRIPTION |
| Extent |
109 p. : |
| Other physical details |
il. ; |
| Dimensions |
19 cm |
| 490 1# - SERIES STATEMENT |
| Series statement |
El barco de vapor. |
| -- |
Serie naranja |
| Volume/sequential designation |
71 |
| 500 ## - GENERAL NOTE |
| General note |
A partir de 9 años |
| 650 ## - SUBJECT ADDED ENTRY--TOPICAL TERM |
| Topical term or geographic name as entry element |
CUENTOS INFANTILES PERUANOS |
| 650 ## - SUBJECT ADDED ENTRY--TOPICAL TERM |
| Topical term or geographic name as entry element |
LITERATURA INFANTIL PERUANA |
| 700 12 - ADDED ENTRY--PERSONAL NAME |
| Personal name |
León, Esperanza, |
| Dates associated with a name |
1956- |
| Relator term |
il. |
| 830 #0 - SERIES ADDED ENTRY--UNIFORM TITLE |
| Uniform title |
El barco de vapor. |
| Name of part/section of a work |
Serie naranja |
| Volume number/sequential designation |
71 |
| 942 ## - ADDED ENTRY ELEMENTS (KOHA) |
| Source of classification or shelving scheme |
Dewey Decimal Classification |
| Koha item type |
Libros |
| 945 ## - LOCAL PROCESSING INFORMATION (OCLC) |
| a |
Inventariado, 2018 /LP |
| 956 ## - LOCAL ELECTRONIC LOCATION AND ACCESS (OCLC) |
| Host name |
VMATEO |
| Access method |
10 |
| Materials specified |
20160412 |
| Linkage |
BPMSU |
| Field link and sequence number |
0069 |